000 nam a22 7a 4500
999 _c8268
_d8268
008 171213b xxu||||| |||| 00| 0 eng d
020 _a9780156180351
100 _aMumford, Lewis
_94683
245 _aThe city in history
_bwinner of the national book award
260 _aLondon
_ba harvest book
_c1961